000 00340nam a22001697a 4500
003 UA-OsUOA
001 4213
007 ta
008 20050721b un ||||| |||| 00| 0 ukr d
100 _aScott
700 _aS. W.
942 _cBK
040 _aUA-OsUOA
_cUA-OsUOA
_dUA-OsUOA
245 _aIvanhoe.
_bReading
955 _a2
650 7 _2UDC
999 _c290375
_d290375